000 00723nam a2200205 a 4500
003 OSt
005 20240226153332.0
008 180307t pk | |||| 000 0 urd d
020 _a9786035001358
040 _c0
082 _a297.64
_bMUJ
100 1 0 _aمُجاہد،عبدالمالک
_9121295
245 1 0 _aسيّدناعُمرفارُوق کی زندگی کےسُنہرےواقعات
_cAbdul Malik Mujahid
246 _aSayedna Umar Farooq RA Ki Zindagi Kay Sunahray Waqeyaat
260 _aKarachi:
_bDarul Islam Pub;
300 _a319 p.:
650 _aعمربن خطاب
_9121343
942 _2ddc
_cBK
_aSADA
_k297.64 MUJ
999 _c608249
_d608249